Qui se nourrit de la famine en Afrique? (Record no. 105968)

MARC details
000 -LEADER
campo de control de longitud fija 00903nam a2200265 i 4500
001 - NÚMERO DE CONTROL
campo de control 105968
003 - IDENTIFICADOR DE NÚMERO DE CONTROL
campo de control ES-MaACL
007 - CAMPO FIJO DE DESCRIPCIÓN FÍSICA--INFORMACIÓN GENERAL
campo de control de longitud fija t|
008 - DATOS DE LONGITUD FIJA--INFORMACIÓN GENERAL
campo de control de longitud fija 060915s1975 fr ||||1| fre d
020 ## - NÚMERO INTERNACIONAL ESTÁNDAR DEL LIBRO
Número Internacional Estándar del Libro 2-7071-0717-4
080 ## - NÚMERO DE LA CLASIFICACIÓN DECIMAL UNIVERSAL
Número de la Clasificación Decimal Universal 338.439.63.053.3 (66 Sáhel)
080 ## - NÚMERO DE LA CLASIFICACIÓN DECIMAL UNIVERSAL
Número de la Clasificación Decimal Universal 308(66 Sáhel)
110 2# - ENTRADA PRINCIPAL--NOMBRE DE ENTIDAD CORPORATIVA
Nombre de entidad corporativa o nombre de jurisdicción como elemento de entrada Comité Information Sáhel.
9 (RLIN) 3088
245 10 - MENCIÓN DEL TÍTULO
Título Qui se nourrit de la famine en Afrique?
Resto del título : le dossier politique de la faim au Sahel /
Mención de responsabilidad, etc. Comité Information Sahel.
250 ## - MENCION DE EDICION
Mención de edición Ed. rev. et corr.
260 ## - PUBLICACIÓN, DISTRIBUCIÓN, ETC.
Lugar de publicación, distribución, etc. Paris :
Nombre del editor, distribuidor, etc. François Maspero,
Fecha de publicación, distribución, etc. 1975.
300 ## - DESCRIPCIÓN FÍSICA
Extensión 197 p. ;
Dimensiones 18 cm.
490 1# - MENCIÓN DE SERIE
Mención de serie Petite collection Maspero ;
Designación de volumen o secuencia 153
500 ## - NOTA GENERAL
Nota general Biblioteca Juan Andrade.
650 14 - PUNTO DE ACCESO ADICIONAL DE MATERIA--TÉRMINO DE MATERIA
Término de materia o nombre geográfico como elemento de entrada Hambre-
Subdivisión geográfica Sáhel (Región)
9 (RLIN) 13295
651 #4 - PUNTO DE ACCESO ADICIONAL DE MATERIA--NOMBRE GEOGRÁFICO
Nombre geográfico Sáhel (Región)-
Subdivisión general Situación social.
9 (RLIN) 9351
830 0# - PUNTO DE ACCESO ADICIONAL DE SERIE-TÍTULO UNIFORME
Título uniforme Petite collection Maspero ;
Designación de volumen o secuencia 153
9 (RLIN) 179674
852 ## - LOCALIZACIÓN
Ubicación ES-MaACL
Número de control de estantería AND-899
Sublocalización o colección R.110187
Holdings
Estatus retirado Estado de pérdida Estado de daño No para préstamo Biblioteca de origen Biblioteca actual Ubicación en estantería Fecha de adquisición Fuente de adquisición Total de préstamos Signatura topográfica completa Código de barras Visto por última vez Precio de reemplazo Tipo de ítem Koha
        Biblioteca del Ateneo de Madrid Biblioteca del Ateneo de Madrid Depósito 2 17/01/2008     AND-899 1110630 23/02/2023 23/02/2023 Libro impreso